Statistiques concernant Focus sur: Théoden - Tolkien

Cliquez ici pour prendre le quiz!

Statistiques générales

  • Ce quiz a été pris 32 fois
  • Le résultat moyen est 9 sur 15

Statistiques - réponses

Informations recherchéesRéponses% Correct
EspèceHomme
100%
Première apparitionLe Seigneur des Anneaux: Les Deux Tours
100%
Couleur des cheveuxBlond/Blanc
97%
RoyaumeRohan
97%
Ages durant lequel il vécutTroisième
97%
Profession et titreRoi du Rohan
93%
CitéEdoras
80%
FilsThéodred
77%
Maison (lignée)Maison d'{Eorl}
60%
PèreThengel
30%
Acteur l'interprétant dans les filmsBernard Hil
23%
FrèreThéodwyn
20%
EpouseElfhild
10%
MèreMorwen de Lossarnach
10%
SurnomEdnew
7%

Distribution des résultats

Percentile par nombre de réponses

% des personnes avec chaque résultat

Votre développement - résultats

Vous n’avez pas pris ce quiz